| 000 | 00757nam a2200241Ia 4500 | ||
|---|---|---|---|
| 008 | 191130s2009##################000#0#eng## | ||
| 020 | _a9781433105227 | ||
| 022 | _a2009002675 | ||
| 040 |
_aACL _cACL |
||
| 082 | _a306.482 PHI | ||
| 245 |
_aGambling and gender : men and women at play _cDeborah K. Phillips and Vicki A. Wilson, editors |
||
| 260 |
_aBern _bPeter Lang _cc2009 |
||
| 300 | _aviii, 176 p. ; 24 cm | ||
| 500 | _aIncludes bibliographical references and index | ||
| 650 | _aGamblers - Psychology | ||
| 650 | _aGambling - Sex differences | ||
| 650 | _aWomen gamblers - Psychology | ||
| 700 | _aPhillips, Deborah K | ||
| 700 | _aWilson, Vicki A | ||
| 990 | _aa50075c5ac10000c234889fbcbad849e | ||
| 991 | _a216684 | ||
| 999 |
_c191362 _d191362 |
||